000 00377nam a2200133Ia 4500
003 IN-BaIIA
008 211028s9999 xx 000 0 eng d
040 _cIIA Library
245 0 _aPower engineers handbook
_cedited by Leonard L Grigsby
260 _aTamil Nadu
_bElecteric Board
650 _aHandbook: Engineers
_99998
700 _aGrigsby, Leonard L., ed.
_99999
942 _cBK
999 _c5772
_d5772